| 000 | 01476nam a22002417a 4500 | ||
|---|---|---|---|
| 005 | 20250912152805.0 | ||
| 020 | _a9781009455961 | ||
| 082 | 0 | 0 | _a320.954 PAR/R |
| 100 | 1 |
_aParasher, Tejas, _91371 |
|
| 245 | 1 | 0 |
_aRadical democracy in modern Indian political thought / _cTejas Parasher, University of California, Los Angeles. |
| 250 | _aFirst Edition. | ||
| 260 |
_a. - New Delhi _b: Cambridge University Press _c. 2024 |
||
| 300 | _a1 online resource | ||
| 490 | 0 | _aIdeas in context | |
| 500 | _aIncludes index. | ||
| 505 | 0 | _aPopular Sovereignty and the End of Empire -- "The Genius of the People": The 1923 Constitution of Mysore -- "A Vast Subterranean Democracy": Pluralism in the 1920s -- "A Living Union": The Project of Gandhian Democracy -- Popular Sovereignty, and the Indian Founding -- "Towards Total Revolution": The Aftermath of Independence -- Conclusion: The Challenge of Representative Democracy. | |
| 520 | _a"Drawing on figures ranging from Gandhi to the leaders of the Indian socialist movement, Radical Democracy in Modern Indian Political Thought explores the diversity of political futures imagined at the end of the British Empire and reinterprets the history of representative democracy in South Asia"-- | ||
| 650 | 0 |
_aDemocracy _zIndia. _91372 |
|
| 650 | 0 |
_aRepresentative government and representation _zIndia. _91373 |
|
| 650 | 0 |
_aSelf-determination, National _zIndia. _91374 |
|
| 650 | 0 |
_aPolitical science _zIndia _91375 |
|
| 942 |
_2ddc _cBK |
||
| 999 |
_c751342 _d751342 |
||